000 00520nam a2200181Ia 4500
008 240925s9999 xx 000 0 und d
020 _a9788122426014
082 _a620.100285 DUK
100 _aDukkipati, Rao V.
245 0 _aSolving Engineering Mechanics Problems with MATLAB
250 _aNA
260 _aNew Delhi:
_bNew Age International (Pvt) Limited
_c,2009.
300 _axxxiii, 844p.
_b0
_fOriginal
500 _aIncludes Index
600 _aElectrical Engineering
650 _aTechnology
942 _cBK
999 _c12492
_d12492